<?xml version='1.0' encoding='UTF-8'?>
  <record xmlns="http://www.loc.gov/MARC21/slim">
    <leader>00000cam a22000001  4500</leader>
    <controlfield tag="001">ocm45079276</controlfield>
    <controlfield tag="003">OCoLC</controlfield>
    <controlfield tag="005">20250524041939.6</controlfield>
    <controlfield tag="008">820919s1863    gw            000 0 ger  </controlfield>
    <datafield tag="040" ind1=" " ind2=" ">
      <subfield code="a">NLM</subfield>
      <subfield code="b">eng</subfield>
      <subfield code="c">NLM</subfield>
      <subfield code="d">GZH</subfield>
      <subfield code="d">GZM</subfield>
      <subfield code="d">EUX</subfield>
      <subfield code="d">CGU</subfield>
      <subfield code="d">UKMGB</subfield>
      <subfield code="d">ZCH</subfield>
      <subfield code="d">GBVCP</subfield>
      <subfield code="d">HMM</subfield>
      <subfield code="d">OCLCF</subfield>
      <subfield code="d">OCLCQ</subfield>
      <subfield code="d">OCLCO</subfield>
      <subfield code="d">OCL</subfield>
      <subfield code="d">OCLCQ</subfield>
      <subfield code="d">OCLCO</subfield>
      <subfield code="d">OCLCL</subfield>
      <subfield code="d">OCLCQ</subfield>
      <subfield code="d">OCLCL</subfield>
    </datafield>
    <datafield tag="016" ind1="7" ind2=" ">
      <subfield code="a">66610710R</subfield>
      <subfield code="2">DNLM</subfield>
    </datafield>
    <datafield tag="016" ind1="7" ind2=" ">
      <subfield code="a">002001674</subfield>
      <subfield code="2">Uk</subfield>
    </datafield>
    <datafield tag="019" ind1=" " ind2=" ">
      <subfield code="a">11322936</subfield>
      <subfield code="a">560313394</subfield>
    </datafield>
    <datafield tag="029" ind1="0" ind2=" ">
      <subfield code="a">NLM</subfield>
      <subfield code="b">66610710R</subfield>
    </datafield>
    <datafield tag="029" ind1="1" ind2=" ">
      <subfield code="a">NLGGC</subfield>
      <subfield code="b">059257415</subfield>
    </datafield>
    <datafield tag="029" ind1="1" ind2=" ">
      <subfield code="a">ZWZ</subfield>
      <subfield code="b">026033933</subfield>
    </datafield>
    <datafield tag="035" ind1=" " ind2=" ">
      <subfield code="a">(OCoLC)45079276</subfield>
      <subfield code="z">(OCoLC)11322936</subfield>
      <subfield code="z">(OCoLC)560313394</subfield>
    </datafield>
    <datafield tag="041" ind1="1" ind2=" ">
      <subfield code="a">ger</subfield>
      <subfield code="a">lat</subfield>
      <subfield code="h">dut</subfield>
    </datafield>
    <datafield tag="050" ind1=" " ind2="4">
      <subfield code="a">RC340</subfield>
      <subfield code="b">.S381 1863x</subfield>
    </datafield>
    <datafield tag="060" ind1="0" ind2="0">
      <subfield code="a">WM</subfield>
      <subfield code="b">S381h 1863a</subfield>
    </datafield>
    <datafield tag="060" ind1="0" ind2="0">
      <subfield code="a">Film 11983 no. 3</subfield>
    </datafield>
    <datafield tag="060" ind1="0" ind2="0">
      <subfield code="a">W6</subfield>
      <subfield code="b">P3 v.2249 no.1</subfield>
    </datafield>
    <datafield tag="082" ind1=" " ind2="4">
      <subfield code="a">500</subfield>
      <subfield code="q">OCoLC</subfield>
      <subfield code="1">https://id.oclc.org/worldcat/ddc/E38rcWXWBWG6GjxQx7CDpXR9pG</subfield>
    </datafield>
    <datafield tag="084" ind1=" " ind2=" ">
      <subfield code="a">44.91</subfield>
      <subfield code="2">bcl</subfield>
    </datafield>
    <datafield tag="100" ind1="1" ind2=" ">
      <subfield code="a">Schroeder van der Kolk, J. L. C.</subfield>
      <subfield code="q">(Jacobus Lodewijk Conradus),</subfield>
      <subfield code="d">1797-1862.</subfield>
      <subfield code="1">https://id.oclc.org/worldcat/entity/E39PCjvMp7Br6B84GwbHYkYwqP</subfield>
    </datafield>
    <datafield tag="245" ind1="1" ind2="4">
      <subfield code="a">Die Pathologie und Therapie der Geisteskrankheiten auf anatomisch-physiologischer Grundlage.</subfield>
    </datafield>
    <datafield tag="260" ind1=" " ind2=" ">
      <subfield code="a">Braunschweig,</subfield>
      <subfield code="b">Vieweg,</subfield>
      <subfield code="c">1863.</subfield>
    </datafield>
    <datafield tag="300" ind1=" " ind2=" ">
      <subfield code="a">x, 217 pages ;</subfield>
      <subfield code="c">22 cm</subfield>
    </datafield>
    <datafield tag="336" ind1=" " ind2=" ">
      <subfield code="a">text</subfield>
      <subfield code="b">txt</subfield>
      <subfield code="2">rdacontent</subfield>
    </datafield>
    <datafield tag="337" ind1=" " ind2=" ">
      <subfield code="a">unmediated</subfield>
      <subfield code="b">n</subfield>
      <subfield code="2">rdamedia</subfield>
    </datafield>
    <datafield tag="338" ind1=" " ind2=" ">
      <subfield code="a">volume</subfield>
      <subfield code="b">nc</subfield>
      <subfield code="2">rdacarrier</subfield>
    </datafield>
    <datafield tag="500" ind1=" " ind2=" ">
      <subfield code="a">Translation of Handboek van de pathologie en therapie der krankzinnigheid.</subfield>
    </datafield>
    <datafield tag="501" ind1=" " ind2=" ">
      <subfield code="a">NLM copy 2, bound first in a volume of 7 pamphlets.</subfield>
      <subfield code="5">DNLM</subfield>
    </datafield>
    <datafield tag="546" ind1=" " ind2=" ">
      <subfield code="a">In German, translated from Dutch, with Latin references.</subfield>
    </datafield>
    <datafield tag="650" ind1=" " ind2="0">
      <subfield code="a">Psychiatry.</subfield>
    </datafield>
    <datafield tag="650" ind1=" " ind2="0">
      <subfield code="a">Psychophysiology.</subfield>
    </datafield>
    <datafield tag="650" ind1=" " ind2="0">
      <subfield code="a">Mental illness.</subfield>
    </datafield>
    <datafield tag="650" ind1=" " ind2="2">
      <subfield code="a">Mental Disorders</subfield>
    </datafield>
    <datafield tag="650" ind1=" " ind2="2">
      <subfield code="a">Psychophysiology</subfield>
    </datafield>
    <datafield tag="650" ind1=" " ind2="6">
      <subfield code="a">Psychophysiologie.</subfield>
    </datafield>
    <datafield tag="650" ind1=" " ind2="6">
      <subfield code="a">Maladies mentales.</subfield>
    </datafield>
    <datafield tag="650" ind1=" " ind2="7">
      <subfield code="a">mental disorders.</subfield>
      <subfield code="2">aat</subfield>
    </datafield>
    <datafield tag="650" ind1=" " ind2="7">
      <subfield code="a">Mental illness</subfield>
      <subfield code="2">fast</subfield>
    </datafield>
    <datafield tag="650" ind1=" " ind2="7">
      <subfield code="a">Psychiatry</subfield>
      <subfield code="2">fast</subfield>
    </datafield>
    <datafield tag="650" ind1=" " ind2="7">
      <subfield code="a">Psychophysiology</subfield>
      <subfield code="2">fast</subfield>
    </datafield>
    <datafield tag="776" ind1="0" ind2="8">
      <subfield code="i">Also issued on microfilm.</subfield>
      <subfield code="d">Cambridge, Mass. : Harvard College Library Imaging Services, 2000.</subfield>
      <subfield code="h">1 microfilm reel : positive ; 35 mm.</subfield>
      <subfield code="k">(Harvard medicine preservation microfilm project, part 2, 03065)</subfield>
    </datafield>
    <datafield tag="776" ind1="0" ind2="8">
      <subfield code="i">Online version:</subfield>
      <subfield code="a">Schroeder van der Kolk, J. L. C. (Jacobus Lodewijk Conradus), 1797-1862. https://id.oclc.org/worldcat/entity/E39PCjvMp7Br6B84GwbHYkYwqP.</subfield>
      <subfield code="t">Pathologie und Therapie der Geisteskrankheiten auf anatomisch-physiologischer Grundlage.</subfield>
      <subfield code="d">Braunschweig, Vieweg, 1863</subfield>
      <subfield code="w">(OCoLC)1490977697</subfield>
    </datafield>
  </record>